[Event "NCL978b Bristol2-Guildford2"]
[Site "Rd4"]
[Date "1997.11.23"]
[Round "4.4"]
[White "Singleton, Michael"]
[Black "Dilleigh, Steven"]
[Result "1-0"]
[WhiteElo "2080"]
[BlackElo "2000"]
[PlyCount "65"]
[EventDate "1997.11.23"]
[Source "4NCL"]
[SourceDate "1998.01.01"]

1. d4 d5 2. c4 e6 3. Nc3 Nf6 4. Bg5 Be7 5. e3 O-O 6. Nf3 Nbd7 7. Rc1 c6 8. Bd3
dxc4 9. Bxc4 Nd5 10. Bxe7 Qxe7 11. O-O Nxc3 12. Rxc3 e5 13. dxe5 Nxe5 14. Nxe5
Qxe5 15. f4 Qf6 16. f5 b5 17. Bb3 b4 18. Rd3 Ba6 19. Rd6 Qe7 20. f6 Qxe3+ 21.
Rf2 gxf6 22. h3 Bb5 23. Rdxf6 Rad8 24. Qh5 Qd4 25. Kh2 Rd5 26. Bxd5 Qxd5 27.
R2f5 Qd7 28. Rh6 f6 29. Rhxf6 Rxf6 30. Rxf6 Qc7+ 31. g3 Qe7 32. Rf5 Bc4 33.
Qg4+ 1-0

[Event "NCL978b Bristol2-Guildford2"]
[Site "Rd4"]
[Date "1997.11.23"]
[Round "4.5"]
[White "Grossett, D."]
[Black "Punnett, Alan"]
[Result "1/2-1/2"]
[WhiteElo "1912"]
[BlackElo "2100"]
[PlyCount "50"]
[EventDate "1997.11.23"]
[Source "4NCL"]
[SourceDate "1998.01.01"]

1. c4 Nf6 2. g3 e6 3. Bg2 d5 4. cxd5 exd5 5. Nf3 Bd6 6. d3 O-O 7. Nc3 c6 8. Rb1
a5 9. O-O Nbd7 10. Qc2 Ne5 11. Nxe5 Bxe5 12. b3 Re8 13. Bb2 Bf5 14. Na4 Bxb2
15. Rxb2 Qe7 16. Qc3 Qe5 17. Qxe5 Rxe5 18. Rc1 Rae8 19. Bf1 d4 20. h3 Nd5 21.
Nc5 Bc8 22. Ne4 Rd8 23. Rc5 h6 24. Nd2 Rh5 25. h4 Nf6 1/2-1/2

[Event "NCL978b Bristol2-Guildford2"]
[Site "Rd4"]
[Date "1997.11.23"]
[Round "4.6"]
[White "Shepley, Julien"]
[Black "Richards, John"]
[Result "1-0"]
[WhiteElo "2180"]
[BlackElo "1896"]
[PlyCount "45"]
[EventDate "1997.11.23"]
[Source "4NCL"]
[SourceDate "1998.01.01"]

1. Nc3 d5 2. e4 c6 3. f4 dxe4 4. Nxe4 Nd7 5. Qe2 Ndf6 6. Nf2 e6 7. Nf3 Bd6 8.
g3 Ne7 9. b3 Ned5 10. Bb2 Qe7 11. a3 Bd7 12. c4 Nb6 13. Bg2 O-O 14. O-O a5 15.
Kh1 Rfd8 16. Ng5 Re8 17. Nfe4 Nxe4 18. Nxe4 f5 19. Nxd6 Qxd6 20. d4 Qc7 21.
Rfd1 c5 22. dxc5 Qxc5 23. Bd4 1-0

[Event "NCL978b Bristol2-Guildford2"]
[Site "Rd4"]
[Date "1997.11.23"]
[Round "4.7"]
[White "Appleton, Fred"]
[Black "Morgan, Michael"]
[Result "1-0"]
[WhiteElo "1912"]
[BlackElo "1960"]
[PlyCount "51"]
[EventDate "1997.11.23"]
[Source "4NCL"]
[SourceDate "1998.01.01"]

1. d4 Nf6 2. c4 g6 3. Nc3 Bg7 4. e4 d6 5. f3 O-O 6. Bg5 Nc6 7. Nge2 e5 8. d5
Ne7 9. Qd2 a6 10. g4 b5 11. h4 b4 12. Nd1 c5 13. Ng3 Ne8 14. Bd3 f6 15. Bh6 f5
16. gxf5 gxf5 17. Nh5 Ra7 18. Qg5 Rf7 19. Rg1 Qa5 20. Bxg7 Nxg7 21. Nxg7 Ng6
22. Nxf5 b3+ 23. Nc3 Kf8 24. Qh6+ Ke8 25. Rxg6 hxg6 26. Qh8+ 1-0

[Event "NCL978b Bristol2-Guildford2"]
[Site "Rd4"]
[Date "1997.11.23"]
[Round "4.8"]
[White "Lusher, Claire"]
[Black "Alston, Joanne"]
[Result "0-1"]
[WhiteElo "1784"]
[BlackElo "1784"]
[PlyCount "82"]
[EventDate "1997.11.23"]
[Source "4NCL"]
[SourceDate "1998.01.01"]

1. e4 c5 2. Nc3 Nc6 3. f4 g6 4. Nf3 Bg7 5. Bc4 e6 6. d3 Nge7 7. O-O O-O 8. e5
d5 9. exd6 Nf5 10. Ne4 b6 11. c3 Nxd6 12. Nxd6 Qxd6 13. Qe2 Rd8 14. Rd1 Rb8 15.
Ng5 Na5 16. Bb3 a6 17. Ba4 b5 18. Bc2 b4 19. cxb4 cxb4 20. Rb1 b3 21. axb3 Nxb3
22. Ne4 Nxc1 23. Rdxc1 Qd4+ 24. Kh1 Rxb2 25. Rxb2 Qxb2 26. Rb1 Qd4 27. Rb8 Qa7
28. Rb1 Bd7 29. Qf3 Bb5 30. Nf2 Qc7 31. Bb3 Qc3 32. Bc4 Bxc4 33. dxc4 Qxc4 34.
g3 a5 35. Qa3 Bd4 36. Qxa5 Qc6+ 37. Kg1 Bxf2+ 38. Kxf2 Qc2+ 39. Kf3 Rd3+ 40.
Kg4 Qxb1 41. Qa8+ Kg7 0-1

[Event "NCL978b Wessex-Kings Head"]
[Site "Rd4"]
[Date "1997.11.23"]
[Round "4.1"]
[White "Rossiter, Philip"]
[Black "O'Shaughnessy, Conor"]
[Result "1-0"]
[WhiteElo "2370"]
[BlackElo "2205"]
[PlyCount "54"]
[EventDate "1997.11.23"]
[Source "4NCL"]
[SourceDate "1998.01.01"]

1. e4 c5 2. Nf3 d6 3. d4 cxd4 4. Nxd4 Nf6 5. Nc3 a6 6. h3 g6 7. Be3 Bg7 8. Qd2
Nc6 9. O-O-O Bd7 10. g4 Rc8 11. f3 O-O 12. h4 Ne5 13. h5 Nxf3 14. Nxf3 Bxg4 15.
Be2 Bxh5 16. Nd4 Bxe2 17. Qxe2 Rxc3 18. bxc3 Qa5 19. Bh6 Nxe4 20. Qxe4 Bxh6+
21. Rxh6 Qg5+ 22. Kb2 Qxh6 23. Qxe7 Qh5 24. Re1 Qd5 25. Qf6 a5 26. Re7 a4 27.
a3 Rc8 1-0

[Event "NCL978b Wessex-Kings Head"]
[Site "Rd4"]
[Date "1997.11.23"]
[Round "4.2"]
[White "McMichael, Rick"]
[Black "Corkett, Anthony"]
[Result "1-0"]
[WhiteElo "2200"]
[BlackElo "2295"]
[PlyCount "69"]
[EventDate "1997.11.23"]
[Source "4NCL"]
[SourceDate "1998.01.01"]

1. b3 d5 2. e3 e5 3. Bb2 Nd7 4. c4 c6 5. Nf3 e4 6. Nd4 Ngf6 7. cxd5 Nxd5 8. Nc3
N7f6 9. Qb1 Nxc3 10. Bxc3 Be7 11. f4 O-O 12. Bc4 c5 13. Ne2 Qd7 14. a4 Qg4 15.
O-O b6 16. Qe1 a6 17. Rc1 Rd8 18. Ng3 Bb7 19. Be5 Qd7 20. Rc2 b5 21. axb5 axb5
22. Be2 Rdc8 23. Bxf6 Bxf6 24. Nh5 Bd5 25. Nxf6+ gxf6 26. Qh4 Qc6 27. b4 c4 28.
Bg4 Be6 29. f5 Bd5 30. Rcc1 Kh8 31. Ra1 Qd6 32. Bh5 Rxa1 33. Rxa1 Qe5 34. Ra7
Ra8 35. Bg6 1-0

[Event "NCL978b Wessex-Kings Head"]
[Site "Rd4"]
[Date "1997.11.23"]
[Round "4.3"]
[White "Yeo, Michael"]
[Black "Mackenzie, Colin"]
[Result "1/2-1/2"]
[WhiteElo "2210"]
[BlackElo "2056"]
[PlyCount "69"]
[EventDate "1997.11.23"]
[Source "4NCL"]
[SourceDate "1998.01.01"]

1. e4 e6 2. d4 d5 3. Nc3 Bb4 4. a3 Bxc3+ 5. bxc3 dxe4 6. f3 b6 7. Nh3 Bb7 8.
fxe4 Bxe4 9. Ng5 Bg6 10. Bd3 Nf6 11. O-O Bxd3 12. cxd3 h6 13. Nf3 Qd5 14. Qe1
O-O 15. Ne5 Nbd7 16. Qg3 Nh5 17. Qe3 Nhf6 18. c4 Qd6 19. Bb2 c5 20. dxc5 bxc5
21. Qe2 Rab8 22. Rae1 Rb3 23. Rf3 Rfb8 24. Ba1 Rb1 25. Nxd7 Nxd7 26. Bc3 R8b3
27. Rxb1 Rxb1+ 28. Rf1 Rxf1+ 29. Qxf1 f6 30. Qf3 a6 31. Qe4 Ne5 32. Qa8+ Kh7
33. Qe4+ Kg8 34. Qa8+ Kh7 35. Qe4+ 1/2-1/2

[Event "NCL978b Wessex-Kings Head"]
[Site "Rd4"]
[Date "1997.11.23"]
[Round "4.4"]
[White "Thomas, Richard"]
[Black "Neil, David"]
[Result "1/2-1/2"]
[WhiteElo "2096"]
[BlackElo "2260"]
[PlyCount "58"]
[EventDate "1997.11.23"]
[Source "4NCL"]
[SourceDate "1998.01.01"]

1. Nf3 Nf6 2. c4 g6 3. b3 Bg7 4. Bb2 O-O 5. g3 d6 6. Bg2 e5 7. O-O Nbd7 8. Nc3
Nc5 9. d4 exd4 10. Nxd4 Re8 11. Re1 Nfe4 12. Nxe4 Nxe4 13. Qc2 Qe7 14. Rad1 Rb8
15. e3 a6 16. a4 Bd7 17. Ra1 Ng5 18. h4 Ne6 19. Nxe6 Bxe6 20. Bxg7 Kxg7 21.
Red1 Bf5 22. Qc3+ Qf6 23. Qxf6+ Kxf6 24. Rd4 a5 25. Rc1 b6 26. Kf1 Re5 27. Ke2
Rbe8 28. Kd2 Be4 29. Bxe4 Rxe4 1/2-1/2

[Event "NCL978b Wessex-Kings Head"]
[Site "Rd4"]
[Date "1997.11.23"]
[Round "4.5"]
[White "Noyce, Robert"]
[Black "Pearce, Robin"]
[Result "1/2-1/2"]
[WhiteElo "2180"]
[BlackElo "2072"]
[PlyCount "22"]
[EventDate "1997.11.23"]
[Source "4NCL"]
[SourceDate "1998.01.01"]

1. Nf3 Nf6 2. g3 c5 3. Bg2 Nc6 4. O-O g6 5. d3 d5 6. Nbd2 Bg7 7. c3 O-O 8. Qc2
Qc7 9. e4 dxe4 10. dxe4 e5 11. Nc4 Be6 1/2-1/2

[Event "NCL978b Wessex-Kings Head"]
[Site "Rd4"]
[Date "1997.11.23"]
[Round "4.6"]
[White "Gilfillan, Andrew"]
[Black "Simons, Martin"]
[Result "1-0"]
[WhiteElo "2096"]
[BlackElo "2072"]
[PlyCount "80"]
[EventDate "1997.11.23"]
[Source "4NCL"]
[SourceDate "1998.01.01"]

1. e4 e5 2. Nf3 f5 3. Nxe5 Nc6 4. Nxc6 dxc6 5. e5 Be6 6. d4 Qd7 7. c3 O-O-O 8.
Qa4 Kb8 9. Be2 Be7 10. Be3 a6 11. Nd2 g5 12. f3 Nh6 13. b4 f4 14. Bf2 Nf5 15.
Ne4 Ne3 16. Bxe3 fxe3 17. O-O Ka7 18. Qd1 h5 19. Qd3 g4 20. Qxe3 Bd5 21. f4
Rdf8 22. a4 h4 23. Bd3 Rf7 24. Rab1 Rd8 25. c4 Bxe4 26. d5+ Bc5 27. bxc5 Bxd3
28. e6 Qe7 29. Qxd3 Qxc5+ 30. Kh1 Re7 31. Qb3 b6 32. Rbd1 h3 33. gxh3 gxh3 34.
f5 cxd5 35. cxd5 Ree8 36. f6 Rxe6 37. dxe6 Qc6+ 38. Rf3 Qe4 39. e7 Qe2 40. Rxh3
Rd2 1-0

[Event "NCL978b Wessex-Kings Head"]
[Site "Rd4"]
[Date "1997.11.23"]
[Round "4.7"]
[White "Brameld, Arthur"]
[Black "Osborne, William"]
[Result "1-0"]
[WhiteElo "2104"]
[BlackElo "1952"]
[PlyCount "37"]
[EventDate "1997.11.23"]
[Source "4NCL"]
[SourceDate "1998.01.01"]

1. e4 c5 2. Nf3 d6 3. d4 cxd4 4. Qxd4 Nc6 5. Bb5 Bd7 6. Bxc6 Bxc6 7. Nc3 e6 8.
Bg5 Nf6 9. O-O-O Be7 10. Rhe1 h6 11. Bh4 Qc7 12. Kb1 Rc8 13. h3 e5 14. Qd3 b5
15. Bxf6 gxf6 16. Nxb5 Qb7 17. Nxd6+ Bxd6 18. Qxd6 Bxe4 19. Rxe4 1-0

[Event "NCL978b Wessex-Kings Head"]
[Site "Rd4"]
[Date "1997.11.23"]
[Round "4.8"]
[White "Chalk, Selena"]
[Black "Howard, Emily"]
[Result "0-1"]
[WhiteElo "1584"]
[BlackElo "1904"]
[PlyCount "82"]
[EventDate "1997.11.23"]
[Source "4NCL"]
[SourceDate "1998.01.01"]

1. d4 Nf6 2. Nf3 e6 3. Bf4 d5 4. e3 Be7 5. Bd3 b6 6. c3 O-O 7. O-O Ba6 8. Re1
Bxd3 9. Qxd3 Nbd7 10. Nbd2 c5 11. h3 Qc8 12. Rac1 Qc6 13. a3 h6 14. Kf1 Bd6 15.
Ne5 Bxe5 16. dxe5 Nh7 17. Bg3 Rfd8 18. Qe2 Nhf8 19. Qg4 Qb5+ 20. c4 Qxb2 21.
Nf3 Qxa3 22. cxd5 Qd3+ 23. Kg1 Qxd5 24. Rcd1 Qb7 25. Rd6 Rdc8 26. Red1 c4 27.
Bf4 Qe4 28. h4 Qg6 29. Qh3 Nc5 30. h5 Qh7 31. Ne1 Nb7 32. R6d4 Rd8 33. Qf3 Rxd4
34. exd4 Rb8 35. Rc1 Na5 36. Qg4 Qe4 37. Nc2 Nb3 38. f3 Qh7 39. Na3 Nxc1 40.
Bxc1 b5 41. Qg3 b4 0-1

[Event "NCL978b Invicta2-White Rose"]
[Site "Rd4"]
[Date "1997.11.23"]
[Round "4.1"]
[White "Hanreck, Alan"]
[Black "Potts, Alan"]
[Result "1-0"]
[WhiteElo "2255"]
[BlackElo "2290"]
[PlyCount "59"]
[EventDate "1997.11.23"]
[Source "4NCL"]
[SourceDate "1998.01.01"]

1. d4 e6 2. Nf3 Nf6 3. Bf4 d6 4. c4 Nbd7 5. Nc3 c6 6. e3 Qa5 7. Qc2 e5 8. Bg3
Be7 9. Bd3 O-O 10. O-O g6 11. Bh4 Re8 12. Rab1 Ng4 13. b4 Qd8 14. Bg3 Bf8 15.
h3 Nh6 16. c5 dxc5 17. dxc5 b6 18. cxb6 axb6 19. Rfd1 Kh8 20. Be4 Re6 21. b5
Qc7 22. bxc6 Nc5 23. Nb5 Qe7 24. Bd5 f6 25. c7 Ra4 26. Bxe6 Qxe6 27. Rd8 Kg7
28. Rbd1 Nf5 29. Rxc8 Rxa2 30. Qb1 1-0

[Event "NCL978b Invicta2-White Rose"]
[Site "Rd4"]
[Date "1997.11.23"]
[Round "4.2"]
[White "Gayson, Peter"]
[Black "Farndon, David"]
[Result "1-0"]
[WhiteElo "2240"]
[BlackElo "2250"]
[PlyCount "43"]
[EventDate "1997.11.23"]
[Source "4NCL"]
[SourceDate "1998.01.01"]

1. e4 c6 2. d4 d5 3. e5 Bf5 4. Nf3 e6 5. Be2 Nd7 6. O-O Ne7 7. b3 Ng6 8. c4 Nh4
9. Nxh4 Qxh4 10. Be3 Qd8 11. Qd2 Be7 12. Nc3 O-O 13. f4 Bb4 14. a3 Bxc3 15.
Qxc3 Be4 16. Bf2 f5 17. Rac1 Qe7 18. Be1 Rfc8 19. Bf3 Bxf3 20. Rxf3 Qxa3 21. c5
Qa2 22. Re3 1-0

[Event "NCL978b Invicta2-White Rose"]
[Site "Rd4"]
[Date "1997.11.23"]
[Round "4.3"]
[White "Griffiths, Paul V"]
[Black "Barrett, Stephen"]
[Result "0-1"]
[WhiteElo "2230"]
[BlackElo "2240"]
[PlyCount "52"]
[EventDate "1997.11.23"]
[Source "4NCL"]
[SourceDate "1998.01.01"]

1. e4 c5 2. Nf3 e6 3. c3 d5 4. exd5 Qxd5 5. d4 Nf6 6. Na3 cxd4 7. Nb5 Na6 8.
Nbxd4 Be7 9. Bxa6 bxa6 10. O-O O-O 11. Bf4 Nh5 12. Be3 Bb7 13. Nb3 Qf5 14. Nfd4
Qg6 15. f3 e5 16. Ne2 Rfd8 17. Qe1 Rd3 18. Qf2 Rad8 19. Bxa7 Rxf3 20. Qxf3 Bxf3
21. Rxf3 Qc2 22. Re1 Rd1 23. Rxd1 Qxd1+ 24. Kf2 Nf6 25. Nbc1 Ne4+ 26. Ke3 Qd5
0-1

[Event "NCL978b Invicta2-White Rose"]
[Site "Rd4"]
[Date "1997.11.23"]
[Round "4.4"]
[White "White, Mark"]
[Black "Alfred, Nathan"]
[Result "0-1"]
[WhiteElo "2200"]
[BlackElo "2165"]
[PlyCount "78"]
[EventDate "1997.11.23"]
[Source "4NCL"]
[SourceDate "1998.01.01"]

1. d4 Nf6 2. Nc3 d5 3. Bg5 Nbd7 4. Nf3 g6 5. e3 Bg7 6. Bd3 O-O 7. O-O c6 8. Re1
h6 9. Bh4 Qb6 10. Rb1 Re8 11. e4 dxe4 12. Nxe4 Nxe4 13. Rxe4 Nf6 14. Re1 Bg4
15. c3 Qa5 16. a3 Qh5 17. Bg3 Bxf3 18. Qxf3 Qxf3 19. gxf3 Rad8 20. Bc4 Nd5 21.
Re2 e6 22. Rbe1 Bf6 23. Bb3 h5 24. Be5 Kg7 25. Bxf6+ Kxf6 26. Re4 Ne7 27. Kg2
Nf5 28. R1e2 Rh8 29. Re1 h4 30. Kf1 Rh5 31. Ke2 Rdh8 32. Rg1 Nd6 33. Rf4+ Kg7
34. a4 f5 35. d5 exd5 36. Rb4 Kf6 37. Kd3 c5 38. Bxd5 cxb4 39. cxb4 Re8 0-1

[Event "NCL978b Invicta2-White Rose"]
[Site "Rd4"]
[Date "1997.11.23"]
[Round "4.5"]
[White "Bibby, Simon"]
[Black "Palliser, Richard"]
[Result "1/2-1/2"]
[WhiteElo "2210"]
[BlackElo "2125"]
[PlyCount "62"]
[EventDate "1997.11.23"]
[Source "4NCL"]
[SourceDate "1998.01.01"]

1. e4 c5 2. c3 d5 3. exd5 Qxd5 4. Na3 Nc6 5. Nf3 Nf6 6. d4 Bg4 7. Be2 cxd4 8.
Nb5 O-O-O 9. Nbxd4 e5 10. Nxc6 Qxc6 11. Qc2 Bc5 12. O-O Rhe8 13. h3 Bh5 14.
Qf5+ Qd7 15. Qxd7+ Nxd7 16. b4 Bb6 17. g4 Bg6 18. Nd2 Bc7 19. c4 e4 20. Nb3 Be5
21. Rb1 e3 22. Bxe3 Bxb1 23. Rxb1 Bf4 24. Bxf4 Rxe2 25. Na5 Nb8 26. a4 Nc6 27.
Nxc6 bxc6 28. b5 Re4 29. Be3 Rxc4 30. bxc6 Rxc6 31. Bxa7 Ra6 1/2-1/2

[Event "NCL978b Invicta2-White Rose"]
[Site "Rd4"]
[Date "1997.11.23"]
[Round "4.6"]
[White "Tan, Desmond"]
[Black "Taylor, Peter P"]
[Result "1-0"]
[WhiteElo "2080"]
[BlackElo "2210"]
[PlyCount "29"]
[EventDate "1997.11.23"]
[Source "4NCL"]
[SourceDate "1998.01.01"]

1. e4 c5 2. Nf3 d6 3. d4 Nf6 4. Nc3 cxd4 5. Nxd4 a6 6. Bc4 e6 7. O-O Nbd7 8.
Re1 Nc5 9. b4 Ncd7 10. Bxe6 fxe6 11. Nxe6 Qb6 12. Nd5 Nxd5 13. exd5 Kf7 14.
Ng5+ Kg8 15. Qh5 1-0

[Event "NCL978b Invicta2-White Rose"]
[Site "Rd4"]
[Date "1997.11.23"]
[Round "4.7"]
[White "Fenn, Paul"]
[Black "Forbes, Cathy"]
[Result "1/2-1/2"]
[WhiteElo "2090"]
[BlackElo "2120"]
[PlyCount "31"]
[EventDate "1997.11.23"]
[Source "4NCL"]
[SourceDate "1998.01.01"]

1. e4 c5 2. Nf3 e6 3. c3 d5 4. exd5 Qxd5 5. d4 Nf6 6. Be2 Be7 7. O-O O-O 8. Bf4
Nc6 9. Na3 cxd4 10. cxd4 Bxa3 11. bxa3 Rd8 12. Be3 Ng4 13. Qd2 Nxe3 14. fxe3
Bd7 15. Rac1 Be8 16. Bd3 1/2-1/2

[Event "NCL978b Invicta2-White Rose"]
[Site "Rd4"]
[Date "1997.11.23"]
[Round "4.8"]
[White "Jones, Gawain"]
[Black "Howell, Susan"]
[Result "1/2-1/2"]
[WhiteElo "1776"]
[BlackElo "1816"]
[PlyCount "48"]
[EventDate "1997.11.23"]
[Source "4NCL"]
[SourceDate "1998.01.01"]

1. c4 Nf6 2. Nf3 g6 3. g3 Bg7 4. Bg2 O-O 5. O-O c5 6. Nc3 Nc6 7. d4 d5 8. cxd5
Nxd5 9. Nxd5 Qxd5 10. Be3 Qd8 11. d5 Nb4 12. Bxc5 Nxd5 13. e4 Nf6 14. Qxd8 Rxd8
15. Bxe7 Re8 16. Bxf6 Bxf6 17. e5 Bg7 18. h3 Bd7 19. Rfe1 Bc6 20. Rad1 Re7 21.
b3 Rae8 22. h4 h5 23. Rd2 b6 24. Rde2 Bxf3 1/2-1/2

[Event "NCL978b Simpsons-Coulsdon"]
[Site "Rd4"]
[Date "1997.11.23"]
[Round "4.1"]
[White "Hennigan, Michael"]
[Black "Harley, Andrew"]
[Result "1-0"]
[WhiteElo "2415"]
[BlackElo "2305"]
[PlyCount "107"]
[EventDate "1997.11.23"]
[Source "4NCL"]
[SourceDate "1998.01.01"]

1. Nf3 Nf6 2. g3 b6 3. Bg2 Bb7 4. O-O e6 5. d3 d5 6. Nbd2 Nbd7 7. e4 dxe4 8.
Ng5 Nc5 9. Ngxe4 Nfxe4 10. dxe4 Be7 11. Re1 O-O 12. Qe2 Qd7 13. Nb3 Rad8 14.
Bf4 Qc6 15. Nxc5 Bxc5 16. a4 a5 17. Qb5 Rd7 18. Red1 Rfd8 19. Rxd7 Qxd7 20.
Qxd7 Rxd7 21. e5 Bxg2 22. Kxg2 Kf8 23. Kf3 Ke8 24. Ke2 Rd5 25. c3 Kd7 26. g4
Kc6 27. h4 g6 28. Bg3 Bf8 29. f4 Bg7 30. Bf2 f6 31. exf6 Bxf6 32. Rc1 h5 33.
gxh5 Rxh5 34. Rg1 Bxh4 35. Rxg6 Bxf2 36. Kxf2 Kd5 37. Rg5+ Rxg5 38. fxg5 Ke5
39. Kg3 Kf5 40. Kh4 Kg6 41. Kg4 e5 42. b3 e4 43. Kf4 e3 44. Kxe3 Kxg5 45. b4
Kf5 46. bxa5 bxa5 47. Kd4 Kf4 48. Kc5 Ke4 49. Kb5 Kd3 50. Kxa5 Kc4 51. Ka6 Kb3
52. Kb5 Kxc3 53. a5 Kd4 54. Kc6 1-0

[Event "NCL978b Simpsons-Coulsdon"]
[Site "Rd4"]
[Date "1997.11.23"]
[Round "4.2"]
[White "Dunworth, Chris"]
[Black "Tozer, Richard"]
[Result "1/2-1/2"]
[WhiteElo "2335"]
[BlackElo "2380"]
[PlyCount "55"]
[EventDate "1997.11.23"]
[Source "4NCL"]
[SourceDate "1998.01.01"]

1. d4 f5 2. Bg5 g6 3. e3 Bg7 4. Bc4 Nf6 5. Nd2 b6 6. a4 Bb7 7. Ngf3 e6 8. a5
O-O 9. c3 Kh8 10. a6 Bc6 11. b4 Qe8 12. b5 Bxf3 13. Qxf3 Ne4 14. Nxe4 fxe4 15.
Qg3 d5 16. Be2 e5 17. Qh4 c6 18. bxc6 Nxc6 19. O-O Rc8 20. f3 exd4 21. cxd4
exf3 22. Bxf3 Rf5 23. Bg4 Rxf1+ 24. Rxf1 Rc7 25. Qh3 Nd8 26. Qf3 h6 27. Bf4 Re7
28. h4 1/2-1/2

[Event "NCL978b Simpsons-Coulsdon"]
[Site "Rd4"]
[Date "1997.11.23"]
[Round "4.3"]
[White "Mortazavi, Ali"]
[Black "Wilson, Jon"]
[Result "1/2-1/2"]
[WhiteElo "2390"]
[BlackElo "2315"]
[PlyCount "77"]
[EventDate "1997.11.23"]
[Source "4NCL"]
[SourceDate "1998.01.01"]

1. e4 c5 2. Nc3 Nc6 3. f4 g6 4. Nf3 Bg7 5. e5 f6 6. Bb5 fxe5 7. Bxc6 dxc6 8.
fxe5 Nh6 9. d3 Nf5 10. Ne4 Nd4 11. c3 Nxf3+ 12. Qxf3 Qd5 13. O-O Rf8 14. Bf4
Bf5 15. Qe3 c4 16. Nf6+ Bxf6 17. exf6 Rxf6 18. dxc4 Qxc4 19. Rad1 Re6 20. Be5
Qb5 21. Rfe1 Qb6 22. Rd4 Rd8 23. h3 Rd5 24. Rxd5 Qxe3+ 25. Rxe3 cxd5 26. Kf2
Be4 27. Bd4 b6 28. h4 Kd7 29. g4 Rc6 30. Kg3 Rc8 31. Kf4 Rf8+ 32. Kg5 h5 33.
gxh5 gxh5 34. Bg7 Rf5+ 35. Kh6 e5 36. c4 Ke6 37. cxd5+ Bxd5 38. Ra3 a5 39. Rg3
1/2-1/2

[Event "NCL978b Simpsons-Coulsdon"]
[Site "Rd4"]
[Date "1997.11.23"]
[Round "4.4"]
[White "Hammond, Andy"]
[Black "Black, Richard"]
[Result "1/2-1/2"]
[WhiteElo "2195"]
[BlackElo "2288"]
[PlyCount "59"]
[EventDate "1997.11.23"]
[Source "4NCL"]
[SourceDate "1998.01.01"]

1. d4 g6 2. Nf3 Bg7 3. e4 d6 4. c3 Nf6 5. Bd3 O-O 6. O-O Nbd7 7. Bg5 h6 8. Bd2
e5 9. Qc2 Qe7 10. Na3 Kh7 11. Nc4 b6 12. a4 a5 13. dxe5 Nxe5 14. Nfxe5 dxe5 15.
b4 Rd8 16. Rfd1 Bb7 17. f3 Ne8 18. bxa5 bxa5 19. Be3 Bf8 20. Bf2 Bc6 21. Be2
Nd6 22. Ne3 Rab8 23. Nd5 Bxd5 24. Rxd5 Nb7 25. Rb5 c6 26. Rb6 Qc7 27. Kf1 Nc5
28. Rbb1 Kg7 29. Bc4 h5 30. Be3 1/2-1/2

[Event "NCL978b Simpsons-Coulsdon"]
[Site "Rd4"]
[Date "1997.11.23"]
[Round "4.5"]
[White "Christopher, Sarah"]
[Black "Moore, Gerald"]
[Result "1/2-1/2"]
[WhiteElo "2095"]
[BlackElo "2215"]
[PlyCount "74"]
[EventDate "1997.11.23"]
[Source "4NCL"]
[SourceDate "1998.01.01"]

1. e4 c5 2. Nc3 e6 3. g3 Nc6 4. Bg2 Nf6 5. d3 Be7 6. Nge2 O-O 7. O-O Rb8 8. Nf4
b5 9. a3 a5 10. Nh5 b4 11. Nxf6+ Bxf6 12. axb4 axb4 13. Ne2 d6 14. f4 e5 15. f5
Bg5 16. Kh1 Bd7 17. Ng1 Bxc1 18. Qxc1 f6 19. Nf3 Nd4 20. Qd2 Qe7 21. g4 Nxf3
22. Bxf3 Ra8 23. Rab1 g5 24. Kg2 Kg7 25. Rh1 h6 26. h4 Bc6 27. Rh3 Rg8 28. Rbh1
Kf7 29. hxg5 hxg5 30. Rh7+ Rg7 31. Kg3 Ke8 32. R7h6 Kd7 33. Rg6 Rag8 34. Rxg7
Qxg7 35. Ra1 Ra8 36. Rh1 Rh8 37. Ra1 Ra8 1/2-1/2

[Event "NCL978b Simpsons-Coulsdon"]
[Site "Rd4"]
[Date "1997.11.23"]
[Round "4.6"]
[White "Adelaja, Abimbola"]
[Black "Tozer, Philip"]
[Result "1/2-1/2"]
[WhiteElo "2155"]
[BlackElo "1968"]
[PlyCount "104"]
[EventDate "1997.11.23"]
[Source "4NCL"]
[SourceDate "1998.01.01"]

1. e4 c6 2. Nc3 d5 3. Nf3 g6 4. d4 Bg7 5. e5 Bg4 6. h3 Bxf3 7. Qxf3 e6 8. Bf4
h5 9. O-O-O Nd7 10. g4 Qe7 11. Be2 hxg4 12. hxg4 Bh6 13. g5 Bg7 14. Rxh8 Bxh8
15. Rh1 Bg7 16. Rh7 Qf8 17. Nd1 Ne7 18. Qb3 Nb6 19. Ne3 Nf5 20. Nxf5 gxf5 21.
Qh3 O-O-O 22. Qh5 Nd7 23. a3 Qg8 24. Qh2 Nf8 25. Rh3 Ng6 26. Bd2 Bf8 27. Bh5
Bg7 28. Bxg6 fxg6 29. Bb4 Qf7 30. Rh7 Rg8 31. f4 Qe8 32. Qd2 Rh8 33. Rxh8 Qxh8
34. Kb1 Qh5 35. Ka2 Qh8 36. Bd6 b6 37. Qb4 Kb7 38. Be7 Qc8 39. Bf6 Bf8 40. Qc3
Qc7 41. Qh3 Qf7 42. Qh8 Kc7 43. b4 b5 44. Kb3 Kb7 45. Bd8 Qg7 46. Qh3 Qd7 47.
Bf6 Qf7 48. a4 a6 49. Qh1 Qd7 50. a5 Kc7 51. Qh8 Qf7 52. Qh3 Kc8 1/2-1/2

[Event "NCL978b Simpsons-Coulsdon"]
[Site "Rd4"]
[Date "1997.11.23"]
[Round "4.7"]
[White "Martin, Barry"]
[Black "Rosen, Daniel"]
[Result "0-1"]
[WhiteElo "2010"]
[BlackElo "2225"]
[PlyCount "56"]
[EventDate "1997.11.23"]
[Source "4NCL"]
[SourceDate "1998.01.01"]

1. d4 f5 2. Nf3 e6 3. e3 Nf6 4. Nbd2 b6 5. g3 Bb7 6. Bg2 Be7 7. O-O O-O 8. b3
c5 9. c3 Nc6 10. Bb2 Rc8 11. Rc1 Ba6 12. Re1 cxd4 13. exd4 f4 14. Bf1 Bxf1 15.
Rxf1 Qe8 16. Qe2 Qh5 17. Kg2 g5 18. h3 g4 19. hxg4 Qxg4 20. Rh1 fxg3 21. fxg3
Nh5 22. Rxh5 Qxh5 23. Rh1 Qg6 24. Nc4 Qg7 25. Bc1 Rf6 26. Nce5 Nxe5 27. Nxe5
Rxc3 28. Bb2 Qxg3# 0-1

[Event "NCL978b Simpsons-Coulsdon"]
[Site "Rd4"]
[Date "1997.11.23"]
[Round "4.8"]
[White "Turvey, Syringa"]
[Black "Houska, Mario"]
[Result "0-1"]
[WhiteElo "1552"]
[BlackElo "1624"]
[PlyCount "76"]
[EventDate "1997.11.23"]
[Source "4NCL"]
[SourceDate "1998.01.01"]

1. e4 d5 2. exd5 Qxd5 3. Nc3 Qa5 4. Nf3 Nf6 5. Be2 Bg4 6. O-O e6 7. b3 c6 8.
Bb2 Ba3 9. Qc1 Bxb2 10. Qxb2 O-O 11. d4 Nbd7 12. Nd1 Ne4 13. b4 Qc7 14. c4 Qf4
15. Ne3 Bxf3 16. Bxf3 Ng5 17. Be2 Rad8 18. d5 Nf6 19. dxc6 bxc6 20. Rad1 Nfe4
21. Rd3 Rxd3 22. Bxd3 Rd8 23. Qc2 Nxf2 24. Bxh7+ Nxh7 25. Qxf2 Qxf2+ 26. Rxf2
Ng5 27. Kf1 Ne4 28. Rc2 Rd3 29. Ke2 Ra3 30. Kf3 Nc3 31. Kf4 Nxa2 32. b5 cxb5
33. cxb5 Nc3 34. Nc4 Nd5+ 35. Ke4 Ra4 36. Ke5 Kf8 37. Nd6 Ke7 38. Nc8+ Kd7 0-1

[Event "NCL978b Nidum Kts-Gwent Dragon"]
[Site "Rd4"]
[Date "1997.11.23"]
[Round "4.1"]
[White "Williams, Leighton"]
[Black "Borg, Andy"]
[Result "1-0"]
[WhiteElo "2265"]
[BlackElo "2135"]
[PlyCount "63"]
[EventDate "1997.11.23"]
[Source "4NCL"]
[SourceDate "1998.01.01"]

1. d4 d5 2. c4 c6 3. Nf3 e6 4. Qc2 Nf6 5. Bg5 Nbd7 6. e3 Qa5+ 7. Nc3 Bb4 8. Nd2
dxc4 9. Bh4 b5 10. Be2 Nd5 11. Rc1 Bxc3 12. bxc3 c5 13. Ne4 cxd4 14. Nd6+ Kf8
15. exd4 N7f6 16. Bf3 Bd7 17. O-O Bc6 18. Rfe1 Rd8 19. Ne4 Rc8 20. Nc5 Nf4 21.
Qd2 Ng6 22. Bxf6 gxf6 23. d5 exd5 24. Bxd5 Kg7 25. Bxc6 Rxc6 26. Qd5 Qc7 27.
Ne4 a6 28. Ng3 Rd8 29. Qh5 Qf4 30. Qh3 Kh8 31. Nh5 Qg5 32. Rcd1 {time} 1-0